<?xml version="1.0" encoding="UTF-8"?><?xml-stylesheet type="text/xsl" href="static/style.xsl"?><OAI-PMH xmlns="http://www.openarchives.org/OAI/2.0/" xmlns:xsi="http://www.w3.org/2001/XMLSchema-instance" xsi:schemaLocation="http://www.openarchives.org/OAI/2.0/ http://www.openarchives.org/OAI/2.0/OAI-PMH.xsd"><responseDate>2026-04-14T17:14:00Z</responseDate><request verb="GetRecord" identifier="oai:uvadoc.uva.es:10324/22005" metadataPrefix="marc">https://uvadoc.uva.es/oai/request</request><GetRecord><record><header><identifier>oai:uvadoc.uva.es:10324/22005</identifier><datestamp>2021-06-30T07:04:55Z</datestamp><setSpec>com_10324_5194</setSpec><setSpec>com_10324_5186</setSpec><setSpec>com_10324_29291</setSpec><setSpec>col_10324_21997</setSpec></header><metadata><record xmlns="http://www.loc.gov/MARC21/slim" xmlns:doc="http://www.lyncode.com/xoai" xmlns:xsi="http://www.w3.org/2001/XMLSchema-instance" xmlns:dcterms="http://purl.org/dc/terms/" xsi:schemaLocation="http://www.loc.gov/MARC21/slim http://www.loc.gov/standards/marcxml/schema/MARC21slim.xsd">
<leader>00925njm 22002777a 4500</leader>
<datafield tag="042" ind1=" " ind2=" ">
<subfield code="a">dc</subfield>
</datafield>
<datafield tag="720" ind1=" " ind2=" ">
<subfield code="a">Rodríguez Marín, Rafael</subfield>
<subfield code="e">author</subfield>
</datafield>
<datafield tag="260" ind1=" " ind2=" ">
<subfield code="c">2014</subfield>
</datafield>
<datafield tag="520" ind1=" " ind2=" ">
<subfield code="a">The use of scientific language in Leopoldo Alas’ work is displayed as successive formulations on a scale based on their utility within the narration: it helps establish the setting of a story by being casually inserted into the narrator’s discourse; it is used as a tool to verbally describe some of the characters, employing diatechnic variation to build the literary idiolects of scientists, particularly doctors; and lastly, it serves as a way of conveying the writer’s sense of humour. This humorous approach often carries a critical intention, which in Clarin’s case is not to vilify the creation or use of technical neologisms, but their unnecessary use or their trend-created abuse.</subfield>
</datafield>
<datafield tag="520" ind1=" " ind2=" ">
<subfield code="a">El empleo del lenguaje de la ciencia presenta en las obras de Leopoldo Alas varias formulaciones sucesivas en una gradación basada en su utilidad como herramienta al servicio de la narración: sirve a la ambientación del relato, insertado de manera más o menos incidental en el discurso del narrador; se emplea como recurso para caracterizar verbalmente a algunos de sus personajes, apelando a la variación diatécnica para construir los idiolectos literarios de los científicos y, muy especialmente, de los médicos; y sirve, por último, como medio para manifestar el sentido del humor del escritor. Este enfoque humorístico envuelve, muy a menudo, una intención crítica, explicitada en el caso de Clarín, que fustiga no la creación ni el uso de los neologismos técnicos, sino su empleo innecesario o el abuso ocasionado por las modas.</subfield>
</datafield>
<datafield tag="024" ind2=" " ind1="8">
<subfield code="a">Anuario de lingüística hispánica, 2014, N.30, pags.165-183</subfield>
</datafield>
<datafield tag="024" ind2=" " ind1="8">
<subfield code="a">0213-053X</subfield>
</datafield>
<datafield tag="024" ind2=" " ind1="8">
<subfield code="a">http://uvadoc.uva.es/handle/10324/22005</subfield>
</datafield>
<datafield tag="024" ind2=" " ind1="8">
<subfield code="a">165</subfield>
</datafield>
<datafield tag="024" ind2=" " ind1="8">
<subfield code="a">30</subfield>
</datafield>
<datafield tag="024" ind2=" " ind1="8">
<subfield code="a">183</subfield>
</datafield>
<datafield ind1=" " ind2=" " tag="653">
<subfield code="a">Filología hispánica</subfield>
</datafield>
<datafield tag="245" ind1="0" ind2="0">
<subfield code="a">Leopoldo Alas, Clarín: discurso de la ciencia y lengua literaria</subfield>
</datafield>
</record></metadata></record></GetRecord></OAI-PMH>